| 000 | 00532nam a2200169Ia 4500 | ||
|---|---|---|---|
| 003 | SGT | ||
| 020 | _a9788121940009 | ||
| 082 |
_a621.3 _bJAI |
||
| 100 | _aJain,Richa | ||
| 245 | _aPrinciples of VLSI and CMOS integrated circuits | ||
| 260 |
_bS.Chand & Company Ltd. _aNew Delhi _c2012 |
||
| 300 | _aVPp. | ||
| 650 | _aELECTRONICS ENGINEERING | ||
| 653 | _aREVIEW AND INTRODUCTION TO MOS TECHNOLOGY,TRANSISTOR: BASICS AND FABRICATION,MOS TRANSISTOR THEORY,MOS CIRCUITS AND LOGIC DESIGN | ||
| 700 | _aRai,Amrita | ||
| 942 |
_2ddc _cBK |
||
| 999 |
_c5467 _d5467 |
||